1883 1700 1543 1396 1274 1172 1463 1096 1882 1190 1626 1551 1737 1056 1512 1754 1310 1422 1097 1428 1798 1379 1444 1517 1317 1998 1926 1055 1409 1145 1503 1315 1353 1667 1557 1823 1696 1616 1677 1466 1840 1937 1011 1427 1104 1342 1472 1421 1396 1276 1184 1307 1301 1019 1055 1972 1950 1661 1901 1381 1660 1613 1381 1958 1122 1730 1334 1186 1960 1613 1692 1911 1493 1601 1659 1399 1706 1450 1046 1864 1642 1475 1629 1611 1867 1604 1809 1198 1085 1696 1782 1061 1108 1574 1920 1322 1030 1538 1458 BCNSPRNW ULIB Ver.6.0+V

เปลี่ยนเป็นภาษาไทย

Change to English
 แสดงรายละเอียดบรรณานุกรม
  กลับหน้าหลัก

Brief Record : Get Marc (ISO 2709) : E-mail record : QR code < ปิดหน้าต่าง
LEADER : 00000nam 2200000uu 4500
001    13399123309
003     ULIB
008    140820s2556||||th 000 0 tha d
099    วจ.WL355^bก383ก
100 0  กัญญ์ณพัชร์ ศรีทอง, เครือวัลย์ สารเถื่อนแก้ว และนิพร ขัดตา
245 00 กว่าจะเป็นผุ้ดูแล:พัฒนาการดูแลผู้ป่วยโรคหลอดเลือดสมองโดยครอบครัว/^cกัญญ์ณพัชร์ ศรีทอง, เครือวัลย์ สารเถื่อนแก้ว และนิพร ขัดตา
246 0  Becoming a caregiver:Development of care for stroke patient by the family
650  0 โรคหลอดเลือดสมอง^xวิจัย
700 0  เครือวัลย์ สารเถื่อนแก้ว
700 0  นิพร ขัดตา
945    ^p0^l0^i034612
999    ^aกมลทิพย์ ธนสารสุธี
รายการนี้ยังไม่มีแท็ก
คุณยังไม่ได้ล็อกอิน คุณสามารถมีกิจกรรมร่วมกับเว็บไซต์ได้ แต่ต้องล็อกอินก่อน ::
  ล็อกอิน

รายการสื่อสารสนเทศ

ลำดับที่ ประเภท เลขเรียก/บาร์โค้ด สถานที่ สถานะ
1. งานวิจัย
งานวิจัย
วจ.WL355 ก383ก ฉ.1 
  Barcode: 034612
ห้องสมุดวิทยาเขตสวรรค์ประชารักษ์
►วิจัย
บนชั้น

BibComment


ยังไม่เคยถูกคอมเมนท์

คอมเมนท์ทรัพยากรรายการนี้
  คอมเมนท์: กว่าจะเป็นผุ้ดูแล..


 Copyright 2026. Bcnsprnw @Library